000 01713nam a2200457 c 4500
001 23107
003 ES-MaCES
005 20141221122826.0
008 100611s2010 sp d t o000 | eng d
017 _aM 14886-2010
_bDL
024 7 _a000-10-020-0
_2nipo
035 _aCES20100004701m
040 _aES-MaCES
_bspa
_cES-MaCES
041 1 _aeng
_hfre
245 0 0 _aPublic service employment in Spain
250 _a2st ed
260 _aMadrid
_bMinistry of Presidency, Technical Secretariat-General
_c2010
300 _a183 p.
_bgráf. col.
_c30 cm
500 _aPrecede al tít.: State Secretariat for the Public Service, Directorate-General of the Public Service
500 _aLa ed. anterior, publ. simultáneamente en español, francés e inglés
500 _aPubl. simultáneamente en francés bajo el tít.: l'emploi public en Espagne
500 _aIncluye (p. 177-183): Apéndice legislativo
541 _cGratuito
650 4 _aadministración pública
_927214
650 4 _afunción pública
_927225
650 4 _aempleo
_928299
650 4 _acontratación
_928323
650 4 _acondiciones de trabajo
_928327
650 4 _acondiciones de empleo
_930040
650 4 _aEspaña
_926964
650 4 _arégimen jurídico
_929894
653 1 0 _aEmpleo
710 1 _aEspaña
_bMinisterio de la Presidencia
_eed.
_93255
710 1 _aEspaña
_bDirección General de la Función Pública
_92814
775 0 _tEl empleo público en España
_w(ES-MaCES)21073
787 0 _tL'emploi public en Espagne
_w(ES-MaCES)23106
787 0 _tPublic service employment in Spain
_w(ES-MaCES)21435
902 _aLIB Libro
942 _2CES
_cBK
_h2.1.
999 _c23107
_d23107